Italian Paintings (Record no. 1430)

MARC details
000 -CABECERA
campo de control de longitud fija 01031nam a2200241 a 4500
001 - NÚMERO DE CONTROL
campo de control BRCA_1624
005 - FECHA Y HORA DE LA ÚLTIMA TRANSACCIÓN
campo de control 20190320203501.0
008 - DATOS DE LONGITUD FIJA--INFORMACIÓN GENERAL
campo de control de longitud fija 270508s1996----it-a---###---#000-0#eng-#
020 ## - NÚMERO INTERNACIONAL ESTÁNDAR DEL LIBRO
Número Internacional Estándar del Libro 0892633492
050 #4 - SIGNATURA TOPOGRÁFICA DE LA BIBLIOTECA DEL CONGRESO
Número de clasificación ND613
Número de documento/Ítem .W55 1996
100 1# - ENTRADA PRINCIPAL--NOMBRE DE PERSONA
Nombre de persona Wilson, Carolyn C.
9 (RLIN) 5082
245 10 - MENCIÓN DE TÍTULO
Título Italian Paintings
Resto del título XIV-XVI Centuries in the Museum of Fine Arts, Houston
Mención de responsabilidad, etc. Carolyn C. Wilson.
260 ## - PUBLICACIÓN, DISTRIBUCIÓN, ETC.
Lugar de publicación, distribución, etc. Houston, Texas
Nombre del editor, distribuidor, etc. The Museum of Fine Arts : Rice University : Merrell Holberton
Fecha de publicación, distribución, etc. 1996
300 ## - DESCRIPCIÓN FÍSICA
Extensión 416 p.
Otras características físicas il. (algunas a color)
Dimensiones 30 cm.
500 ## - NOTA GENERAL
Nota general Catálogo de la exposición realizada en The Museum of Fine Arts (Houston), 1996
500 ## - NOTA GENERAL
Nota general Incluye apéndice e índice alfabético
610 24 - PUNTO DE ACCESO ADICIONAL DE MATERIA--NOMBRE DE ENTIDAD CORPORATIVA
Nombre de entidad corporativa o nombre de jurisdicción como elemento de entrada Museum of Fine Arts
Subdivisión de forma Catálogos
Subdivisión geográfica Houston, Texas (Estados Unidos)
9 (RLIN) 5083
650 14 - PUNTO DE ACCESO ADICIONAL DE MATERIA--TÉRMINO DE MATERIA
Término de materia o nombre geográfico como elemento de entrada Pintura italiana
Subdivisión de forma Catálogos
9 (RLIN) 5084
650 14 - PUNTO DE ACCESO ADICIONAL DE MATERIA--TÉRMINO DE MATERIA
Término de materia o nombre geográfico como elemento de entrada Pintura gótica
Subdivisión de forma Catálogos
Subdivisión geográfica Italia
9 (RLIN) 5085
650 14 - PUNTO DE ACCESO ADICIONAL DE MATERIA--TÉRMINO DE MATERIA
Término de materia o nombre geográfico como elemento de entrada Pintura renacentista
Subdivisión de forma Catálogos
Subdivisión geográfica Italia
9 (RLIN) 5086
650 14 - PUNTO DE ACCESO ADICIONAL DE MATERIA--TÉRMINO DE MATERIA
Término de materia o nombre geográfico como elemento de entrada Pintura
Subdivisión de forma Catálogos
Subdivisión geográfica Houston, Texas (Estados Unidos)
9 (RLIN) 5087
942 ## - ELEMENTOS DE PUNTO DE ACCESO ADICIONAL (KOHA)
Fuente del sistema de clasificación o colocación Library of Congress Classification
Tipo de ítem Koha Libros
Holdings
Estado de retiro Estado de pérdida Estado dañado No para préstamo Localización permanente Ubicación/localización actual Fecha de adquisición Total de préstamos Signatura topográfica completa Código de barras Fecha visto por última vez Precio válido a partir de Tipo de ítem Koha
El ejemplar forma parte de la colección y puede ser consultado según las políticas vigentes.       Biblioteca del Museo Franz Mayer (Rogerio Casas-Alatriste) Biblioteca del Museo Franz Mayer (Rogerio Casas-Alatriste) 26/06/2008   ND613 .W55 1996 02179 22/03/2019 22/03/2019 Libros